Pays ayant boycotté les jeux olympiques d'été de Moscou en 1980 - Statistiques

Statistiques générales
  • Ce quiz a été pris 24 fois
  • Le résultat moyen est 22 sur 65
Statistiques - réponses
Continant Pays / Délégation % Correct
Europe Allemagne de l'Ouest
81%
Amérique États-Unis
81%
Asie Japon
76%
Amérique Canada
71%
Asie Corée du Sud
67%
Afrique Égypte
67%
Asie Iran
67%
Asie Israël
67%
Asie Indonesie
62%
Asie République Populaire de Chine
62%
Afrique Maroc
57%
Asie Arabie Saoudite
52%
Amérique Argentine
52%
Europe Norvège
52%
Asie Pakistan
52%
Afrique Tunisie
52%
Asie Turquie
52%
Asie Émirats Arabes Unis
48%
Afrique Kenya
43%
Asie Malaisie
43%
Asie Philippines
43%
Afrique Somalie
43%
Amérique Chili
38%
Océanie Fidji
38%
Asie Thaïlande
38%
Amérique Uruguay
38%
Amérique Jamaïque
33%
Europe Monaco
33%
Amérique Paraguay
33%
Asie Singapour
33%
Afrique Soudan
33%
Asie Taipei Chinois
33%
Afrique Zaïre
33%
Amérique Honduras
29%
Océanie Papouasie-Nouvelle-Guinée
29%
Europe Albanie
24%
Asie Bahreïn
24%
Asie Bangladesh
24%
Asie Birmanie
24%
Amérique Bolivie
24%
Amérique Costa Rica
24%
Amérique Salvador
24%
Afrique Ghana
19%
Amérique Haïti
19%
Océanie Îles Marshall
19%
Amérique Panama
19%
Afrique Togo
19%
Amérique Bahamas
14%
Amérique Belize
14%
Afrique Côte d'Ivoire
14%
Europe Liechtenstein
14%
Afrique Malawi
14%
Afrique Mauritanie
14%
Asie Hong Kong
10%
Afrique Liberia
10%
Afrique République Centrafricaine
10%
Afrique Tchad
10%
Amérique Antilles néerlandaises
5%
Amérique Barbades
5%
Amérique Bermudes
5%
Afrique Gabon
5%
Amérique Iles Caïmans
5%
Asie Macao
5%
Amérique Porto Rico
5%
Afrique Swaziland
5%
Aucun quiz correspondant
Distribution des résultats
% des personnes avec chaque résultat
Percentile par nombre de réponses
Votre historique - résultats
Vous n’avez pas pris ce quiz